000 00460nam a2200169Ia 4500
005 20250508151550.0
008 008 250505s9999 xx 000 0 eng d
037 _aTextual
040 _aFEDL
_beng
_cFEDL
041 _aeng
_2eng
084 _a372.4, JAC
_qFEDL
100 _aJacobbon Paul B
_9759511
245 0 _aUniversity of lowa : Studies in education Vol.8
300 _a85p.
942 _cTEXL
_h372.4, JAC
999 _c1330660
_d1330660